Statistiques concernant Les noms de Mammifères par lettres -W / X / Y / Z

Cliquez ici pour prendre le quiz!

Statistiques générales

  • Ce quiz a été pris 57 fois
  • Le résultat moyen est 6 sur 14

Statistiques - réponses

Réponse% Correct
Zèbre
96%
Yack
93%
Wallaby
81%
Wapiti
78%
Wombat
76%
Zébu
70%
Zibeline
41%
Xérus
22%
Zorille
17%
Warabi
2%
Zyzomys
2%
Wyulda
0%
Zapode
0%
Zokor
0%

Distribution des résultats

Percentile par nombre de réponses

% des personnes avec chaque résultat

Votre développement - résultats

Vous n’avez pas pris ce quiz